000 00618nam a2200229Ia 4500
003 OSt
005 20221007072247.0
006 a|||||r|||| 00| 0
007 ta
008 221006b |||||||| |||| 00| 0 eng d
024 _a14,933
037 _cTextual
040 _aFLL
_cFLL
_beng
041 _2eng
_aeng
082 _aV2:1:M9, C9
100 _aTrotter L.J. Au.
_9690365
245 0 _aHistory of India
260 _aLondon
_bSociety of promoting christian knowledge London
_c1899
300 _alx,445p
_ccm.
942 _hV2:1:M9, C9
_cTEXL
_2CC
999 _c1145561
_d1145561